[Event "Santiago zt"]
[Site "Santiago de Chile"]
[Date "1987.??.??"]
[Round "10"]
[White "Santacruz, Francisco"]
[Black "Sunye Neto, Jaime"]
[Result "1/2-1/2"]
[WhiteElo "2320"]
[BlackElo "2500"]
[PlyCount "114"]
[EventDate "1987.03.??"]
[EventType "tourn"]
[EventRounds "15"]
[EventCountry "CHI"]
[EventCategory "3"]
[SourceTitle "EXT 2002"]
[Source "ChessBase"]
[SourceDate "2001.11.25"]
[SourceVersion "1"]
[SourceVersionDate "2001.11.25"]
[SourceQuality "1"]

1. Nf3 Nf6 2. d4 d5 3. c4 dxc4 4. Nc3 c5 5. d5 e6 6. e4 Nxe4 7. Nxe4 exd5 8. Nc3 Be6 9. Ng5 Nc6 10. Nxe6 fxe6 11. Be2 Bd6 12. 0-0 0-0 13. Bg4 Nd4 14. Bxe6+ Nxe6 15. Qxd5 Qd7 16. Be3 Rfd8 17. Rfd1 Qf7 18. Qxc4 Be5 19. Rd5 Bd4 20. Rxd8+ Rxd8 21. Re1 b6 22. h3 Bxe3 23. Rxe3 Nd4 24. Qxf7+ Kxf7 25. Kf1 c4 26. a4 a6 27. Re4 b5 28. axb5 axb5 29. f4 b4 30. Ne2 Nc2 31. Kf2 Rc8 32. Nd4 Nxd4 33. Rxd4 c3 34. bxc3 bxc3 35. Rd1 c2 36. Rc1 Ke6 37. Ke3 h5 38. g4 Rc3+ 39. Kd4 Rxh3 40. gxh5 Rh2 41. Ke4 Kf6 42. Kd3 Kf5 43. Ke3 Kg4 44. Rg1+ Kxh5 45. Rg5+ Kh6 46. Rc5 Kg6 47. Ke4 Kf7 48. Rc6 Ke7 49. Kd3 Rf2 50. Rxc2 Rxf4 51. Ke3 Rf5 52. Rc6 Kf7 53. Rb6 g6 54. Ra6 Kg7 55. Ra4 Kh6 56. Ra1 g5 57. Rh1+ Kg6 1/2-1/2

[Event "Pan American-chT"]
[Site "Junin"]
[Date "1987.??.??"]
[Round "3"]
[White "Tempone, Marcelo"]
[Black "Santacruz, Francisco"]
[Result "1/2-1/2"]
[WhiteElo "2430"]
[BlackElo "2320"]
[PlyCount "87"]
[EventDate "1987.??.??"]
[EventType "team-tourn"]
[EventRounds "10"]
[EventCountry "ARG"]
[SourceTitle "EXT 2002"]
[Source "ChessBase"]
[SourceDate "2001.11.25"]
[SourceVersion "1"]
[SourceVersionDate "2001.11.25"]
[SourceQuality "1"]

1. e4 c5 2. c3 d5 3. exd5 Qxd5 4. d4 Nc6 5. Nf3 e6 6. Be2 Nf6 7. 0-0 Be7 8. Be3 cxd4 9. cxd4 0-0 10. Nc3 Qd8 11. Ne5 Nb4 12. Qb3 Nbd5 13. Bf3 Qa5 14. Bd2 Qb6 15. Qxb6 Nxb6 16. Rfd1 Rd8 17. Bg5 Nfd5 18. Bxe7 Nxe7 19. Rac1 Rb8 20. a4 f6 21. a5 Nbd5 22. Nc4 Nxc3 23. bxc3 Bd7 24. Bg4 Nd5 25. Re1 Rbc8 26. Nd6 Rxc3 27. Rxc3 Nxc3 28. Nxb7 Rb8 29. Nc5 Bc8 30. h3 f5 31. Bf3 Kf7 32. Rc1 Na2 33. Rc4 Rb4 34. Rc2 Rb1+ 35. Kh2 Nb4 36. Rc4 Ke7 37. Na4 Kd8 38. Nc5 Ke7 39. g4 g6 40. g5 Kd8 41. Kg3 Ke7 42. h4 Kd6 43. Rc3 Rb2 44. Rc4 1/2-1/2

[Event "Pan American-chT 02"]
[Site "Villa Gesell"]
[Date "1985.??.??"]
[Round "4"]
[White "Cifuentes Parada, Roberto"]
[Black "Santacruz, Francisco"]
[Result "1-0"]
[WhiteElo "2455"]
[BlackElo "2275"]
[PlyCount "93"]
[EventDate "1985.??.??"]
[EventType "team"]
[EventRounds "7"]
[EventCountry "ARG"]
[SourceTitle "EXT 2002"]
[Source "ChessBase"]
[SourceDate "2001.11.25"]
[SourceVersion "1"]
[SourceVersionDate "2001.11.25"]
[SourceQuality "1"]

1. d4 Nf6 2. c4 e6 3. Nf3 Bb4+ 4. Bd2 Qe7 5. g3 0-0 6. Bg2 Bxd2+ 7. Qxd2 Ne4 8. Qc2 Qb4+ 9. Nbd2 Nxd2 10. Nxd2 Nc6 11. e3 Qe7 12. 0-0 a5 13. a3 d6 14. d5 Nb8 15. b4 Na6 16. Qc3 Qf6 17. Qxf6 gxf6 18. Rab1 axb4 19. axb4 Rb8 20. Rfc1 b6 21. Ne4 Kg7 22. Nc3 e5 23. Rb2 Rb7 24. Ra1 Nb8 25. Rba2 Bd7 26. Ra7 Rxa7 27. Rxa7 Rc8 28. Nb5 Bxb5 29. cxb5 f5 30. Bh3 Nd7 31. Bxf5 Rd8 32. Rxc7 Nf6 33. e4 Ra8 34. Rc6 Ra4 35. Rxd6 Rxb4 36. Rxb6 Nxe4 37. Bxe4 Rxe4 38. Rd6 Kf8 39. b6 Ke7 40. Rc6 Rb4 41. Rc7+ Kd8 42. Rxf7 Rxb6 43. Rxh7 Rd6 44. h4 Rxd5 45. h5 Ke8 46. Kg2 e4 47. g4 1-0

[Event "Pan American-chT 02"]
[Site "Villa Gesell"]
[Date "1985.??.??"]
[Round "5"]
[White "Santacruz, Francisco"]
[Black "Rivera, Daniel"]
[Result "1/2-1/2"]
[WhiteElo "2275"]
[BlackElo "2275"]
[PlyCount "40"]
[EventDate "1985.??.??"]
[EventType "team"]
[EventRounds "7"]
[EventCountry "ARG"]
[SourceTitle "EXT 2002"]
[Source "ChessBase"]
[SourceDate "2001.11.25"]
[SourceVersion "1"]
[SourceVersionDate "2001.11.25"]
[SourceQuality "1"]

1. Nf3 c5 2. c4 Nf6 3. Nc3 Nc6 4. g3 g6 5. Bg2 Bg7 6. 0-0 d5 7. cxd5 Nxd5 8. Nxd5 Qxd5 9. d3 0-0 10. Be3 Qd6 11. Nd2 b6 12. Nc4 Qd7 13. Rc1 Bb7 14. Qa4 Rfd8 15. Rfe1 Nd4 16. Qxd7 Rxd7 17. Bxb7 Rxb7 18. a3 Rc8 19. Kf1 Ne6 20. Rc2 Rbc7 1/2-1/2